00343nam a2200133Ia 4500008004100000020001600041041001200057082001600069100001400085245006500099260002900164300000800193650000800201221030s9999 xx 000 0 und d a99711210288 aEnglish a105.23bSze aS. M. Sze 0aSemiconductor Devices ( Physics & Technology )cby S. M. Sze bJohn WileyaMumbaic2002 a564 aECE